<?xml version="1.0" encoding="UTF-8"?>
<collection xmlns="http://www.loc.gov/MARC21/slim">
 <record>
  <leader>01633nam a2200229 a 4500</leader>
  <controlfield tag="001">1/35999</controlfield>
  <controlfield tag="008">081202s2008    njua          00010 eng d</controlfield>
  <datafield tag="020" ind1=" " ind2=" ">
   <subfield code="a">9780787990039</subfield>
  </datafield>
  <datafield tag="035" ind1=" " ind2=" ">
   <subfield code="l">38521</subfield>
  </datafield>
  <datafield tag="040" ind1=" " ind2=" ">
   <subfield code="a">GR-PeUP</subfield>
  </datafield>
  <datafield tag="082" ind1="0" ind2="0">
   <subfield code="a">CD-ROM 658.3 PFE</subfield>
  </datafield>
  <datafield tag="245" ind1="0" ind2="0">
   <subfield code="a">Pfeiffer library :</subfield>
   <subfield code="b">CD-ROM, Version 4.0 : a comprehensive resource of more than 2500 exercises, assessments and games for trainers.</subfield>
  </datafield>
  <datafield tag="260" ind1="0" ind2=" ">
   <subfield code="a">New Jersey :</subfield>
   <subfield code="b">John Wiley,</subfield>
   <subfield code="c">2008.</subfield>
  </datafield>
  <datafield tag="300" ind1=" " ind2=" ">
   <subfield code="a">1 οπτικός δίσκος Η/Υ :</subfield>
   <subfield code="b">έγχρ. ;</subfield>
   <subfield code="c">4 3/4 ίν +</subfield>
   <subfield code="e">1 οδηγός χρήστη.</subfield>
  </datafield>
  <datafield tag="520" ind1="0" ind2=" ">
   <subfield code="a">The Pfeiffer library represents the single, most comprehensive set of experientially-based resource materials available to human resource facilitators, trainers, and consultants. The library offers a wealth of stimulating ideas and a varied source of practical, read-to-use materials than can be freely customised and reproduced for training purposes.</subfield>
  </datafield>
  <datafield tag="538" ind1=" " ind2=" ">
   <subfield code="a">Απαιτήσεις συστήματος για Windows : IBM-compatible PC with Pentium or higher processor, Windows 2000, XP, Vista, 350 megabytes of hard disk space for the full installation, 25 megabytes for the compact installation, CD-ROM drive, is not for use on a Mac.</subfield>
  </datafield>
  <datafield tag="650" ind1=" " ind2="4">
   <subfield code="a">Human capital</subfield>
   <subfield code="x">Management</subfield>
   <subfield code="x">Handbooks, manuals, etc.</subfield>
  </datafield>
  <datafield tag="650" ind1=" " ind2="4">
   <subfield code="a">Human services personnel</subfield>
   <subfield code="x">Training of</subfield>
   <subfield code="x">Handbooks, manuals, etc.</subfield>
  </datafield>
  <datafield tag="650" ind1=" " ind2="4">
   <subfield code="a">Personnel management</subfield>
   <subfield code="x">Handbooks, manuals, etc.</subfield>
  </datafield>
  <datafield tag="852" ind1=" " ind2=" ">
   <subfield code="a">INST</subfield>
   <subfield code="b">UNIPILB</subfield>
   <subfield code="c">MMEDIA</subfield>
   <subfield code="e">20081202</subfield>
   <subfield code="h">CD-ROM 658.3 PFE</subfield>
   <subfield code="p">00156953</subfield>
   <subfield code="q">00156953</subfield>
   <subfield code="t">NOLOAN</subfield>
   <subfield code="y">23</subfield>
   <subfield code="4">1</subfield>
  </datafield>
  <datafield tag="856" ind1="4" ind2="0">
   <subfield code="u">http://eu.wiley.com/WileyCDA/Section/id-310793.html</subfield>
  </datafield>
  <datafield tag="856" ind1="4" ind2=" ">
   <subfield code="d">/webopac/covers/02/38521_9780787990039.jpg</subfield>
  </datafield>
 </record>
</collection>
